Reflexiones acerca de la seguridad ciudadana en Chile: visiones y propuestas para el diseño de una política /

Sparad:
Bibliografiska uppgifter
Huvudupphovsman: López Regonesi, Eduardo
Materialtyp: Text
Taggar: Lägg till en tagg
Inga taggar, Lägg till första taggen!

MARC

LEADER 00000 a a2200000 04500
001 48133
003
040
090 |a REV1291 (44) 2000  
100 |a López Regonesi, Eduardo  
245 |a Reflexiones acerca de la seguridad ciudadana en Chile:   |b visiones y propuestas para el diseño de una política /  |c Eduardo López Regonesi  
773 |g número44, (2000), 49 páginas : tablas, gráficos  
999 |c 27145  |d 27145